[Event "Lazy Baltic Pearl op-A 21st"]
[Site "Lazy"]
[Date "2025.07.03"]
[Round "4"]
[White "Luba, Lukasz"]
[Black "Jodlowski, Robert"]
[Result "1/2-1/2"]
[WhiteElo "2104"]
[BlackElo "1812"]
[PlyCount "43"]
[EventDate "2025.06.30"]
[EventType "swiss"]
[EventRounds "9"]
[EventCountry "POL"]
[SourceTitle "CB28_2025"]
[SourceDate "2025.07.09"]
[SourceVersion "1"]
[SourceVersionDate "2025.07.09"]
[SourceQuality "1"]

1. d4 Nf6 2. h3 d5 3. c4 e6 4. Nc3 Bb4 5. a3 Bxc3+ 6. bxc3 Ne4 7. Qc2 c5 8. Nf3 Nc6 9. e3 f5 10. Bb2 Bd7 11. Bd3 cxd4 12. cxd5 exd5 13. exd4 0-0 14. 0-0 Be6 15. Rfe1 Rc8 16. Re3 f4 17. Rxe4 dxe4 18. Bxe4 Bd5 19. Bxh7+ Kh8 20. Be4 Re8 21. Bg6 Bxf3 22. Be4 1/2-1/2

[Event "Lazy Baltic Pearl op-A 21st"]
[Site "Lazy"]
[Date "2025.07.01"]
[Round "2"]
[White "Bochniak, Franciszek"]
[Black "Jodlowski, Robert"]
[Result "1/2-1/2"]
[WhiteElo "2042"]
[BlackElo "1812"]
[PlyCount "65"]
[EventDate "2025.06.30"]
[EventType "swiss"]
[EventRounds "9"]
[EventCountry "POL"]
[SourceTitle "CB28_2025"]
[SourceDate "2025.07.09"]
[SourceVersion "1"]
[SourceVersionDate "2025.07.09"]
[SourceQuality "1"]

1. e4 e6 2. d4 d5 3. Nc3 Bb4 4. e5 c5 5. a3 Bxc3+ 6. bxc3 Ne7 7. Qg4 Qc7 8. Bd3 cxd4 9. Ne2 dxc3 10. Qxg7 Rg8 11. Qxh7 Bd7 12. f4 Qc5 13. Ng3 Nbc6 14. Rb1 0-0-0 15. Rb5 Qd4 16. Ne2 Qa4 17. Nxc3 Qd4 18. Ne2 Qa4 19. Rb3 Rh8 20. Qg7 Rhg8 21. Qf6 Rxg2 22. Kf1 Rg4 23. h3 Rgg8 24. Rg1 Rxg1+ 25. Kxg1 Nd4 26. Qxe7 Nxb3 27. cxb3 Qxb3 28. Qc5+ Bc6 29. Qc2 Qb6+ 30. Kf1 Rh8 31. Kg2 Qd8 32. Ng1 Rg8+ 33. Kf1 1/2-1/2

[Event "Lazy Baltic Pearl op-A 21st"]
[Site "Lazy"]
[Date "2025.06.30"]
[Round "1"]
[White "Jodlowski, Robert"]
[Black "Rak, Tomasz"]
[Result "1-0"]
[WhiteElo "1812"]
[BlackElo "1944"]
[PlyCount "67"]
[EventDate "2025.06.30"]
[EventType "swiss"]
[EventRounds "9"]
[EventCountry "POL"]
[SourceTitle "CB28_2025"]
[SourceDate "2025.07.09"]
[SourceVersion "1"]
[SourceVersionDate "2025.07.09"]
[SourceQuality "1"]

1. e4 c6 2. d4 d5 3. e5 Bf5 4. h4 h6 5. Nf3 e6 6. Bd3 Ne7 7. Nc3 a6 8. Ne2 Nd7 9. Bxf5 Nxf5 10. g4 Ne7 11. Be3 c5 12. c3 Nc6 13. Qd2 b5 14. g5 hxg5 15. Nxg5 Nb6 16. b3 c4 17. f4 g6 18. h5 b4 19. Kf2 bxc3 20. Qxc3 gxh5 21. f5 exf5 22. Ng3 f6 23. Nxh5 fxe5 24. Ne6 Qc8 25. Nf6+ Kf7 26. Ng5+ Kxf6 27. dxe5+ Kg6 28. Rxh8 d4 29. Rg8+ Bg7 30. Rxc8 dxe3+ 31. Qxe3 Nxc8 32. Rg1 Bxe5 33. Nf3+ Kf6 34. Qh6+ 1-0

[Event "POL-ch Rapid U18"]
[Site "Bydgoszcz"]
[Date "2023.08.29"]
[Round "2"]
[White "Mulawa, Cyprian"]
[Black "Jodlowski, Robert"]
[Result "1-0"]
[WhiteElo "2109"]
[BlackElo "1481"]
[PlyCount "59"]
[EventDate "2023.08.28"]
[EventType "swiss"]
[EventRounds "11"]
[EventCountry "POL"]
[SourceTitle "CBM 216 Extra"]
[Source "ChessBase"]
[SourceDate "2023.11.30"]
[SourceVersion "1"]
[SourceVersionDate "2023.11.30"]
[SourceQuality "1"]

1. d4 Nf6 2. Nf3 g6 3. Bf4 Bg7 4. e3 d6 5. h3 0-0 6. Be2 c6 7. Nbd2 Qb6 8. Nc4 Qc7 9. 0-0 b5 10. Ncd2 Nbd7 11. c4 bxc4 12. Nxc4 Qb7 13. Rc1 Nd5 14. Bh2 a5 15. e4 N5b6 16. Nxb6 Qxb6 17. Qd2 Ba6 18. Bxa6 Rxa6 19. e5 dxe5 20. dxe5 Nc5 21. Rc4 Rd8 22. Qc2 Nd3 23. b3 Nb4 24. Qe2 Ra7 25. Bf4 Rad7 26. e6 fxe6 27. Qxe6+ Kh8 28. Ng5 Bf6 29. Nf7+ Kg7 30. Bh6+ 1-0